000 00942nam a2200253 a 4500
001 000026472
005 20200930030237.0
008 110203s1972 ag a r 000 | spa d
040 _aDO-SdBNP
_bspa
_cBNPHU
082 _axxx
_bL673m
100 1 _aLewis, John
_953535
240 1 0 _aNaked ape or homo sapiens?.
_lEspañol
245 1 1 _a¿Mono desnudo u homo sapiens? /
_cJohn Lewis Gaddis, Bernard Towers ; traducción Manuel Vázquez ; prólogo Bernard Towers, Anthony Dyson.
260 _aBarcelona, (España) :
_bPlaza y Janés,
_c1972.
300 _a158. ;
_c19 cm.
490 1 _aRotativa
500 _aIncluye referencias bibliográficas y notas al pie de las páginas
504 _aIncluye bibliografía (p. 153-1569)
534 _aTítulo del original:
_tNaked ape or homo sapiens?
700 1 _aTowers, Bernard
_953536
700 1 _aVázquez, Manuel
_etr.
_953537
700 1 _aDyson, Anthony
_953538
830 0 _aRotativa
_912897
999 _c25964
_d25964